Southville International School and Colleges
Your cart is empty.
  • Cart
  • Lists
    Public lists list_1 View all
    Your lists Log in to create your own lists
  • Log in to your account
  • Your cookies
  • Search history
Southville International School and Colleges
  • Advanced search
  • Recent comments
  • Most popular
  • Libraries

Log in to your account

Log in with GOOGLE


If you do not have an external account, but do have a local account, you can still log in:

  1. Home
  2. MARC view: The ape who guards the balance /
Normal view MARC view ISBD view

The ape who guards the balance / (Record no. 276887)

[ view plain ]
MARC details
000 -LEADER
fixed length control field 00503nam a2200193Ia 4500
001 - CONTROL NUMBER
control field 120529140046093
003 - CONTROL NUMBER IDENTIFIER
control field PILC
005 - DATE AND TIME OF LATEST TRANSACTION
control field 20141129015216.0
008 - FIXED-LENGTH DATA ELEMENTS--GENERAL INFORMATION
fixed length control field 120529s1998 ph 000 0 eng
020 ## - INTERNATIONAL STANDARD BOOK NUMBER
International Standard Book Number 0380798565
050 ## - LIBRARY OF CONGRESS CALL NUMBER
Classification number FIC P48a 1998
090 ## - LOCALLY ASSIGNED LC-TYPE CALL NUMBER (OCLC); LOCAL CALL NUMBER (OCLC)
Classification number (OCLC) (R) ; Classification number, CALL (RLIN) (NR) FIC P48a 1998
100 1# - MAIN ENTRY--PERSONAL NAME
Personal name Peters, Elizabeth.
245 10 - TITLE STATEMENT
Title The ape who guards the balance /
Statement of responsibility, etc Elizabeth Peters.
260 ## - PUBLICATION, DISTRIBUTION, ETC. (IMPRINT)
Place of publication, distribution, etc New York :
Name of publisher, distributor, etc Avon Books,
Date of publication, distribution, etc 1998.
300 ## - PHYSICAL DESCRIPTION
Extent 444 p. ;
Dimensions 17 cm.
650 #4 - SUBJECT ADDED ENTRY--TOPICAL TERM
Topical term or geographic name as entry element Fiction.
942 ## - ADDED ENTRY ELEMENTS (KOHA)
Source of classification or shelving scheme Library of Congress Classification
Koha item type Books
Holdings
Withdrawn status Lost status Source of classification or shelving scheme Damaged status Not for loan Home library Current library Shelving location Date acquired Total Checkouts Full call number Barcode Date last seen Price effective from Koha item type Public note
  Lost Library of Congress Classification     College Library College Library Fiction Section 05/29/2012   FIC P48a 1998 000031 05/29/2012 11/03/2014 Books lost and replaced by the book entitled " Let in Snow " - C21590 - see reference 17-18 inventory

The ape who guards the balance /

APA

Peters E., . (1998). The ape who guards the balance. New York: Avon Books.

Chicago

Peters Elizabeth, . 1998. The ape who guards the balance. New York: Avon Books.

Harvard

Peters E., . (1998). The ape who guards the balance. New York: Avon Books.

MLA

Peters Elizabeth, . The ape who guards the balance. New York: Avon Books. 1998.

  • Print
  • Cite
  • Add to your cart (remove)
  • Save record
    BIBTEX Dublin Core MARCXML MARC (non-Unicode/MARC-8) MARC (Unicode/UTF-8) MARC (Unicode/UTF-8, Standard) MODS (XML) RIS
  • More searches
    Search for this title in:
    Other Libraries (WorldCat) Other Databases (Google Scholar) Online Stores (Bookfinder.com) Open Library (openlibrary.org)

Exporting to Dublin Core...

SOUTHVILLE LIBRARY

Southville International School and Colleges Library

1281 Tropical Ave. Cor. Luxembourg St., BF Homes International, Las Pinas City

Tel. No. 8256374 / 252358 Loc. 117/146

Powered by Koha